[Event "Lleida-ch B"]
[Site "La Guardia"]
[Date "2015.11.29"]
[Round "9.5"]
[White "Sole Monistrol, Francisco"]
[Black "Estruch Andreu, Guim"]
[Result "1/2-1/2"]
[WhiteElo "1935"]
[BlackElo "1891"]
[PlyCount "90"]
[EventDate "2015.09.27"]
[EventType "swiss"]
[EventRounds "9"]
[EventCountry "ESP"]
[SourceTitle "EXT 2024"]
[Source "ChessBase"]
[SourceDate "2023.10.10"]
[SourceVersion "1"]
[SourceVersionDate "2023.10.10"]
[SourceQuality "1"]

1. d4 d5 2. Nf3 Nf6 3. e3 Bf5 4. c4 e6 5. a3 c6 6. Nc3 Bd6 7. c5 Bc7 8. Bd3 Bxd3 9. Qxd3 Nbd7 10. 0-0 0-0 11. b4 e5 12. dxe5 Nxe5 13. Nxe5 Bxe5 14. Bb2 Ne4 15. Rad1 Bxc3 16. Bxc3 Nxc3 17. Qxc3 Re8 18. Rd4 Qf6 19. Qc2 Re5 20. Rf4 Qh6 21. Rd1 Rh5 22. h3 Rg5 23. Rf3 Re8 24. Rd4 Rge5 25. Rff4 Qg6 26. Qxg6 hxg6 27. Kf1 f5 28. g4 Kf7 29. Kg2 Kf6 30. h4 Re4 31. g5+ Kf7 32. Kf3 Rxd4 33. Rxd4 Ke6 34. Ke2 Ke5 35. Kd3 Rf8 36. Rf4 Rd8 37. a4 Rc8 38. Rd4 Rc7 39. Ke2 Rc8 40. Kd3 Rc7 41. Kc3 Rc8 42. f3 Rc7 43. Rf4 Rf7 44. a5 a6 45. Kd3 Rd7 1/2-1/2

[Event "Lleida-ch B"]
[Site "La Guardia"]
[Date "2015.11.08"]
[Round "6.2"]
[White "Sole Monistrol, Francisco"]
[Black "Cosialls Ris, Ramon"]
[Result "0-1"]
[WhiteElo "1935"]
[BlackElo "1974"]
[PlyCount "74"]
[EventDate "2015.09.27"]
[EventType "swiss"]
[EventRounds "9"]
[EventCountry "ESP"]
[SourceTitle "EXT 2024"]
[Source "ChessBase"]
[SourceDate "2023.10.10"]
[SourceVersion "1"]
[SourceVersionDate "2023.10.10"]
[SourceQuality "1"]

1. d4 d5 2. Nf3 Nf6 3. e3 e6 4. a3 Nbd7 5. c4 c6 6. Nc3 Be7 7. Bd3 dxc4 8. Bxc4 b5 9. Bd3 0-0 10. 0-0 Bb7 11. Bd2 a6 12. b4 Qc7 13. e4 e5 14. Qc2 Rfd8 15. Be2 exd4 16. Nxd4 c5 17. Nf5 Bf8 18. bxc5 Nxc5 19. f3 Rac8 20. Qb2 Rxd2 21. Qxd2 Nb3 22. Qg5 Nxa1 23. Rxa1 h6 24. Nxh6+ Kh8 25. Nd5 Qc5+ 26. Kf1 gxh6 27. Qf5 Nxd5 28. exd5 Qxd5 29. Qg4 Qg5 30. Qd7 Rc1+ 31. Rxc1 Qxc1+ 32. Bd1 Qc4+ 33. Be2 Qd5 34. Qe8 Kg7 35. Qe3 Bc5 36. Qf4 Qg5 37. Qg3 Qxg3 0-1

[Event "Lleida Province-ch"]
[Site "Tornabous"]
[Date "2014.10.26"]
[Round "4"]
[White "Sole Monistrol, Francisco"]
[Black "Monfa Sole, Ramon"]
[Result "0-1"]
[WhiteElo "1942"]
[BlackElo "2160"]
[PlyCount "80"]
[EventDate "2014.10.05"]
[EventType "swiss"]
[EventRounds "9"]
[EventCountry "ESP"]
[SourceTitle "CBM 163 Extra"]
[Source "ChessBase"]
[SourceDate "2014.12.23"]
[SourceVersion "1"]
[SourceVersionDate "2014.12.23"]
[SourceQuality "1"]

1. d4 b5 2. Nf3 Bb7 3. g3 e6 4. Bg2 Nf6 5. 0-0 Be7 6. a3 0-0 7. Nbd2 d6 8. b3 Nbd7 9. Bb2 c5 10. c3 a5 11. Qc2 Rc8 12. e4 Qb6 13. c4 d5 14. e5 Ne4 15. Qd3 bxc4 16. bxc4 Ba6 17. Qc2 Nxd2 18. Nxd2 cxd4 19. Nf3 d3 20. Qd2 dxc4 21. Bc3 a4 22. Rfb1 Qa7 23. Bb4 Nc5 24. Bxc5 Bxc5 25. Rc1 Rb8 26. Ra2 Rb3 27. Bf1 Rfb8 28. Ng5 Bxa3 29. Rd1 c3 30. Qf4 c2 31. Rda1 Rb1 32. Rxa3 c1Q 33. Qxc1 Rxc1 34. Rxc1 d2 35. Rd1 Bxf1 36. Rxf1 Qe7 37. Rxa4 Qxg5 38. f4 Qd8 39. Raa1 Qd4+ 40. Kg2 h5 0-1

[Event "Lleida Province-ch"]
[Site "Tornabous"]
[Date "2014.10.12"]
[Round "2"]
[White "Sole Monistrol, Francisco"]
[Black "Sanuy Moncasi, Albert"]
[Result "1/2-1/2"]
[WhiteElo "1942"]
[BlackElo "2071"]
[PlyCount "168"]
[EventDate "2014.10.05"]
[EventType "swiss"]
[EventRounds "9"]
[EventCountry "ESP"]
[SourceTitle "CBM 163 Extra"]
[Source "ChessBase"]
[SourceDate "2014.12.23"]
[SourceVersion "1"]
[SourceVersionDate "2014.12.23"]
[SourceQuality "1"]

1. d4 Nf6 2. Nf3 e6 3. g3 c6 4. Bg2 d5 5. 0-0 Bd6 6. Nbd2 Nbd7 7. c4 0-0 8. b3 Ne4 9. Bb2 f5 10. e3 Ndf6 11. Ne5 Nxd2 12. Qxd2 Bd7 13. Rac1 Be8 14. f3 Nd7 15. Nd3 Bg6 16. Qe2 Qc7 17. Nf2 Rae8 18. e4 f4 19. e5 fxg3 20. hxg3 Be7 21. Nh3 Qd8 22. Nf4 Bf7 23. cxd5 cxd5 24. Rc2 Bg5 25. Nh3 Bg6 26. Rc3 a6 27. f4 Be7 28. Rfc1 Qb6 29. Re3 Nb8 30. g4 Nc6 31. Qd1 Rd8 32. Re1 Rf7 33. Re3 Qa5 34. a4 Qb6 35. Bf1 Rc8 36. Kh2 Bd8 37. Qd2 Rfc7 38. Nf2 Be7 39. Nd1 Bb4 40. Qf2 Na5 41. Rxc7 Rxc7 42. f5 Bf7 43. fxe6 Qxe6 44. Bh3 Qg6 45. Qf5 Be6 46. Qxg6 hxg6 47. Re2 Nxb3 48. g5 Bxh3 49. Kxh3 Na5 50. Nf2 Be7 51. Kg4 Rc4 52. Nd3 Nc6 53. Nf4 Nxd4 54. Bxd4 Rxd4 55. Rb2 Bb4 56. Kf3 a5 57. Re2 Be7 58. Nxg6 Bxg5 59. e6 Rxa4 60. e7 Bxe7 61. Nxe7+ Kf7 62. Nxd5 b5 63. Re7+ Kg6 64. Ke3 b4 65. Kd2 Ra1 66. Kc2 Rg1 67. Re2 Rg4 68. Nb6 Rg3 69. Na4 Kf5 70. Nb2 g5 71. Nd3 b3+ 72. Kd2 a4 73. Re5+ Kf6 74. Ra5 Rg2+ 75. Kc3 Ra2 76. Nc5 Rc2+ 77. Kd3 Ra2 78. Rxa4 Rxa4 79. Nxa4 Kf5 80. Nc3 Kf4 81. Nd5+ Kf3 82. Nf6 Kf4 83. Kc3 Kf5 84. Nh5 g4 1/2-1/2

[Event "Barcelona"]
[Site "Barcelona"]
[Date "1997.??.??"]
[Round "?"]
[White "Castany Pampalona, Luis Maria"]
[Black "Sole Monistrol, Francisco"]
[Result "1-0"]
[WhiteElo "2325"]
[BlackElo "2130"]
[PlyCount "49"]
[EventDate "1997.??.??"]
[EventType "tourn"]
[EventRounds "9"]
[EventCountry "ESP"]
[SourceTitle "EXT 2008"]
[Source "ChessBase"]
[SourceDate "2007.11.25"]
[SourceVersion "1"]
[SourceVersionDate "2007.11.25"]
[SourceQuality "1"]

1. e4 c5 2. Nf3 Nc6 3. Nc3 d6 4. d4 cxd4 5. Nxd4 Nf6 6. Bc4 Qb6 7. Nde2 e6 8. Bb3 a6 9. 0-0 Be7 10. Kh1 0-0 11. f4 Qc7 12. f5 Na5 13. Nd4 Nxb3 14. axb3 Bd7 15. Bg5 Kh8 16. Rf3 b5 17. b4 Qd8 18. Rh3 h6 19. Qd2 Ng8 20. Bxe7 Qxe7 21. Rf1 Rac8 22. Rff3 Nf6 23. Rxh6+ gxh6 24. Qxh6+ Nh7 25. f6 1-0

[Event "Barcelona"]
[Site "Barcelona"]
[Date "1997.??.??"]
[Round "?"]
[White "Sole Monistrol, Francisco"]
[Black "Monell Camarasa, David"]
[Result "0-1"]
[WhiteElo "2130"]
[BlackElo "2275"]
[PlyCount "50"]
[EventDate "1997.??.??"]
[EventType "tourn"]
[EventRounds "9"]
[EventCountry "ESP"]
[SourceTitle "EXT 2008"]
[Source "ChessBase"]
[SourceDate "2007.11.25"]
[SourceVersion "1"]
[SourceVersionDate "2007.11.25"]
[SourceQuality "1"]

1. d4 Nf6 2. c4 c5 3. d5 b5 4. Nc3 b4 5. Nb1 e6 6. dxe6 fxe6 7. Nf3 d5 8. e3 Bd6 9. Be2 0-0 10. 0-0 Bb7 11. Nbd2 Qc7 12. h3 e5 13. cxd5 e4 14. Ng5 Bxd5 15. Bc4 Qc6 16. Qb3 Kh8 17. Bxd5 Nxd5 18. Ngxe4 Bc7 19. Nc4 Nd7 20. Qd3 Rad8 21. Qe2 Rde8 22. Qd3 Ne5 23. Nxe5 Rxe5 24. Nd2 Rg5 25. g4 Qh6 0-1

[Event "Barcelona"]
[Site "Barcelona"]
[Date "1997.??.??"]
[Round "?"]
[White "Sole Monistrol, Francisco"]
[Black "Quintas Galeano, Lluis"]
[Result "0-1"]
[WhiteElo "2130"]
[BlackElo "2065"]
[PlyCount "54"]
[EventDate "1997.??.??"]
[EventType "tourn"]
[EventRounds "9"]
[EventCountry "ESP"]
[SourceTitle "EXT 2008"]
[Source "ChessBase"]
[SourceDate "2007.11.25"]
[SourceVersion "1"]
[SourceVersionDate "2007.11.25"]
[SourceQuality "1"]

1. d4 Nf6 2. Bg5 d5 3. Nd2 Nbd7 4. e3 e6 5. Ngf3 Be7 6. Bd3 h6 7. Bf4 c5 8. c3 a6 9. 0-0 0-0 10. Ne5 Nxe5 11. dxe5 Nh7 12. Qc2 f5 13. exf6 Nxf6 14. Qd1 Bd7 15. Qe2 Bc6 16. Rfd1 Qe8 17. Be5 Nd7 18. Bg3 Nf6 19. Be5 c4 20. Bc2 Bc5 21. Bd4 Bd6 22. Bxf6 Rxf6 23. Rf1 Qf7 24. Rad1 Rf8 25. Nf3 Qh5 26. h3 Rxf3 27. gxf3 Rxf3 0-1

[Event "Barcelona"]
[Site "Barcelona"]
[Date "1997.??.??"]
[Round "?"]
[White "Villa Gimenez, Carmelo"]
[Black "Sole Monistrol, Francisco"]
[Result "1/2-1/2"]
[WhiteElo "2055"]
[BlackElo "2130"]
[PlyCount "115"]
[EventDate "1997.??.??"]
[EventType "tourn"]
[EventRounds "9"]
[EventCountry "ESP"]
[SourceTitle "EXT 2008"]
[Source "ChessBase"]
[SourceDate "2007.11.25"]
[SourceVersion "1"]
[SourceVersionDate "2007.11.25"]
[SourceQuality "1"]

1. e4 c5 2. Nf3 d6 3. d4 cxd4 4. Nxd4 Nf6 5. Nc3 a6 6. Bg5 e6 7. f4 Be7 8. Qf3 Qc7 9. 0-0-0 0-0 10. Bd3 Nc6 11. Nxc6 bxc6 12. e5 dxe5 13. Qh3 e4 14. Nxe4 Nxe4 15. Bxe4 g6 16. Bxe7 Qxe7 17. Qc3 Bb7 18. h4 Rfd8 19. Rxd8+ Rxd8 20. h5 g5 21. h6 f6 22. fxg5 fxg5 23. Qg7+ Qxg7 24. hxg7 Rd4 25. Bxh7+ Kxg7 26. Bd3 Kf6 27. Rh7 Bc8 28. Rc7 Bd7 29. Bxa6 e5 30. Bd3 Be8 31. b3 e4 32. Bc4 e3 33. Be2 Rd2 34. Bf3 g4 35. Bxg4 Rxg2 36. Bf3 Rg1+ 37. Kb2 Rf1 38. Be2 Rf2 39. Bd3 e2 40. Bxe2 Rxe2 41. a4 Ke6 42. a5 Kd6 43. Rg7 c5 44. a6 Bc6 45. a7 Re8 46. Kc3 Ra8 47. Kc4 Bd7 48. Rg5 Rxa7 49. Rd5+ Kc6 50. Rxc5+ Kb6 51. Rg5 Rc7+ 52. Kd3 Rc5 53. Rxc5 Kxc5 54. Kc3 Be6 55. Kb2 Bf5 56. c3 Be6 57. Ka3 Kb5 58. Kb2 1/2-1/2